| 000 | 00775nam a2200253 a 4500 | ||
|---|---|---|---|
| 001 | 31663 | ||
| 003 | BD-RjUL | ||
| 005 | 20211209051731.0 | ||
| 008 | 140421s1950 enk b 001 0 eng d | ||
| 035 |
_a(BD-RjUL)31751 _aOCLC ocm00382699 from D950817M |
||
| 040 |
_aWSU _cWSU _dBD-RjUL _beng |
||
| 041 | _aeng | ||
| 082 |
_a283.42 _218 _bGAC 1950 |
||
| 100 | 1 |
_aGarbett, Cyril _d1875-1955. _996348 |
|
| 245 | 1 | 0 |
_aChurch and state in England / _cCyril Garbett. |
| 260 |
_aLondon : _bHodder & Stoughton, _c1950. |
||
| 300 |
_a320 p. ; _c22 cm. |
||
| 504 | _aIncludes bibliographical references and index. | ||
| 610 | 2 | 0 |
_aChurch of England _996352 |
| 650 | 0 |
_aChurch and state _zGreat Britain. _976105 |
|
| 942 |
_2ddc _cBK |
||
| 999 |
_c31663 _d31663 |
||